01485nam a2200265 a 450000100100000000500170001000800410002704000250006804100130009308200170010611100850012324502810020824600750048924600740056426000910063830000410072950400730077054600350084365000770087865100580095565100590101370000360107270000520110871000590116000002492820210420095436.0110208s2005 dr abc 000 0 spa d aDO-SdBNPbspacBNPHU17aengbfre a972.9bC749a2 aCongreso Internacional de Arquología del Cariben(20 :d2003 :cSanto Domingo)10aActas del XX Congreso Internacional de Arqueología del Caribe = Proceedings of the XX International Congress for Caribbean Archaeology = Actes du XXe Congrès International D' Archéologie de la Caraïbe /ceditores Clenis Tavárez María, Manuel A. Gracía Arévalo.31aProceedings of the XX International Congress for Caribbean Archaeology31aActes du XXe Congrès International D' Archéologie de la Caraïbe aSanto Domingo :bMuseo del Hombre Dominicano :bFundación García Arévalo,c2005. a2 v. :bil., mapas, retrs. ;c29 cm. aIncluye referencias bibliográficas y notas al pie de las páginas aEspañol, inglés, francés 4aIndígenas de las antillasxAntiguedadesxCongresos, conferencias, etc. 4aAntillasxAntiguedadesxCongresos, Conferencias, Etc. 4aAntillasxArqueologíaxCongresos, Conferencias, Etc.12aTavárez María, Clenis,eed.12a García Arévalo, Manuel Antoniod1948-eed.2 aAsociación Internacional de Arqueología del Caribe